Laporan ekonomi 2004/2005.
| Corporate Author: | |
|---|---|
| Format: | Book |
| Published: |
Putrajaya:
Kementerian Kewangan Malaysia,
2004.
|
| Subjects: |
| LEADER | 00463cam a2200157 7i4500 | ||
|---|---|---|---|
| 001 | 0000016642 | ||
| 005 | 20051220090000.0 | ||
| 020 | 0 | 0 | |a 1394-4355 |
| 090 | 0 | 0 | |a M 330.9 |b KEM |
| 110 | 1 | 0 | |a Kementerian Kewangan Malaysia |
| 245 | 0 | 0 | |a Laporan ekonomi 2004/2005. |
| 260 | 0 | 0 | |a Putrajaya: |b Kementerian Kewangan Malaysia, |c 2004. |
| 300 | # | # | |a [v.p]. |
| 650 | 0 | 0 | |a Economic condition -- |z Malaysia |
| 651 | 0 | 0 | |a Malaysia |
| 999 | |a 0000017925 |b Book |c Malaysia |e Business Information Centre | ||